صفحات مطوية من تاريخ الزعيم مصطفى كامل : رسائل جديدة لمصطفى كامل من 8 يونيو 1895 - الى 19 فبراير 1896 / (Record no. 39365)
[ view plain ]
| 000 -الفاتح | |
|---|---|
| حقل البيانات ثابتة الطول | 00692nam a2200193Ia 4500 |
| 008 - عناصر البيانات ثابتة الطول - معلومات عامة | |
| حقل البيانات ثابتة الطول | 140319s9999 xx 000 0 ara d |
| 040 ## - مصدر الفهرسة | |
| وكالة الفهرسة الأصلية | GCL / |
| وكالة النسخ | GCL |
| 082 04 - رقم تصنيف ديوى العشرى | |
| رقم التصنيف | ق |
| رقم المادة | 9620.42 |
| -- | م ص |
| 100 1# - المدخل الرئيسى - إسم شخصى | |
| الإسم الشخصى | مصطفى كامل |
| 245 10 - بيان العنوان | |
| العنوان | صفحات مطوية من تاريخ الزعيم مصطفى كامل : رسائل جديدة لمصطفى كامل من 8 يونيو 1895 - الى 19 فبراير 1896 / |
| بيان المسئوليه,etc | مصطفى كامل |
| 700 1# - المدخل الاضافى - اسم شخصى | |
| الإسم الشخصى | محمد انيس (تقديم) |
| 300 ## - الوصف المادى | |
| التعداد | متعدد |
| 490 ## - بيان السلسلة | |
| عنوان السلسلة | |
| 650 04 - المدخل الاضافى بالموضوع-مصطلح موضوعى | |
| مصطلح موضوعي | الرسائل |
| 650 04 - المدخل الاضافى بالموضوع-مصطلح موضوعى | |
| مصطلح موضوعي | مصطفى كامل |
| 650 04 - المدخل الاضافى بالموضوع-مصطلح موضوعى | |
| مصطلح موضوعي | مصر - تاريخ - العصر الحديث (1805 - 1956 ) |
| 942 ## - عناصر المدخل الإضافي( كوها) | |
| مصدر التصنيف او مخطط الترفيف | Dewey Decimal Classification |
| Koha [default] item type | كتاب |
| حالة التراجع | حالة الفقد | حالة تلف | ليس للاعارة | المكان المؤقت | الموقع الحالى | تاريخ الاكتساب | اجمالي اﻻعارات | رقم الطلب | الباركود | تاريخ اخر مشاهدة | تاريخ تفعيل السعر | نوع وعاء كوها |
|---|---|---|---|---|---|---|---|---|---|---|---|---|
| مكتبة القاهرة الكبرى | مكتبة القاهرة الكبرى | 03/26/2014 | ق\9620.42\م ص | 96348 | 03/26/2014 | 03/26/2014 | كتاب |

